000 00483nam a22001697i 4500
999 _c23522
_d23522
003 AR-CdUCM
008 260209b20242024 pe||||| |||| 00| 0 spa d
040 _aMUNICIPALIDAD PROVINCIAL DEL CUSCO
_cBIBLIOTECA MUNICIPAL DEL CUSCO
041 _hspa
082 _aES / 869.567
_bS12
100 _aSabogal, Muki
_952314
245 _aUn ritual transparente /
300 _a45 páginas. :
_c20x15 cm.
505 _aRitual transparente
942 _2ddc
_cLIBROS
945 _apbjr
_d09-02-2026